Nueva especie de Atelopus A.M.C. Dumeril 'cia' Bibron 1841 (<Amphibia: Bufonidae>) de la Cordillera Occidental, Colombia (Registro nro. 14868)

Detalles MARC
000 -CABECERA
Campo de control 004690000a22001330004500
090 ## - CLASIFICACIÓN LOCAL
Colección AS
Consecutivo Seriadas
041 0# - IDIOMA
Código de idioma para texto/pista de sonido o título separado
100 1# - ASIENTO PRINCIPAL--NOMBRE PERSONAL
Nombre personal Ruiz Carranza, Pedro M.
245 10 - MENCION DE TITULO
Título Nueva especie de Atelopus A.M.C. Dumeril 'cia' Bibron 1841 (<Amphibia: Bufonidae>) de la Cordillera Occidental, Colombia
700 1# - ASIENTO SECUNDARIO - NOMBRE PERSONAL
Nombre personal Vélez, Claudia María
700 1# - ASIENTO SECUNDARIO - NOMBRE PERSONAL
Nombre personal Ardila Robayo, María Cristina
773 1# - Item fuente:
Título Caldasia
Especificación de materiales 45
Descripción física 86
Paginas del Articulo 113-118
Lugar, editorial y fecha de publicación 1995
Información sobre la relación 18
942 ## - ELEMENTOS ADICIONALES (KOHA)
Tipo de ítem Artículo

No hay ítems disponibles.